| 000 | 00569nam a22001457a 4500 | ||
|---|---|---|---|
| 003 | MACL | ||
| 005 | 20181227154502.0 | ||
| 008 | 181227b xxu||||| |||| 00| 0 eng d | ||
| 040 | _cMACL | ||
| 100 |
_aत्रिपाठी , राजेश _973533 |
||
| 245 | _aजहां चरन पड़े रघवर के रामजानकी मार्ग एक स्मृति यात्रा | ||
| 260 |
_aदिल्ली _bकिताबघर _c2015 |
||
| 650 |
_aयात्रा संस्मरण _973534 |
||
| 942 |
_2ddc _cHIN |
||
| 999 |
_c58811 _d58811 |
||